000 00830nam a22002417a 4500
003 0
005 20251014100920.0
008 251014b xxu||||| |||| 00| 0 eng d
020 _a978-1-0718-3098-7
050 _aBF 720.I46
_b.O25 2024
100 _aOakes, Lisa M.,
_eauthor.
245 _aInfancy :
_bthe development of the whole child /
_cLisa M. Oakes, Vanessa LoBue, and Marianella Casasola.
260 _aThousand Oaks, California :
_bSage,
_c2024.
300 _axxii, 517 pages :
_billustrations ;
_c24 cm.
504 _aIncludes bibliographical references and index.
650 _aInfants
_xDevelopment.
650 _aDevelopmental psychology.
650 _aChild development.
650 _aInfants
_xPsychology.
700 _aLoBue, Vanessa,
_eauthor.
700 _aCasasola, Marianella,
_eauthor.
942 _2lcc
_cBK
999 _c368229
_d368229